000 00371pam a2200157a 44500
008 230515b2009 xxu||||| |||| 00| 0 eng d
020 _a978-81-7371-654
041 _aENGLISH
082 _a618.92/PED
100 _aBHAT S R
245 _aTEXT BOOK OF PEDIATRICS
250 _a4
260 _aHYDERBAD
_bN/A
_c2009
300 _a529
650 _aEXT BOOK OF PEDIATRICS
999 _c482086
_d482086